<?xml version="1.0" encoding="UTF-8"?>
<record
    xmlns:xsi="http://www.w3.org/2001/XMLSchema-instance"
    xsi:schemaLocation="http://www.loc.gov/MARC21/slim http://www.loc.gov/standards/marcxml/schema/MARC21slim.xsd"
    xmlns="http://www.loc.gov/MARC21/slim">

  <leader>02443nam a22002537a 4500</leader>
  <controlfield tag="003">OSt</controlfield>
  <controlfield tag="005">20231102151927.0</controlfield>
  <controlfield tag="008">160509s2011    sp ||||| |||| 000 0 spa d</controlfield>
  <datafield tag="022" ind1=" " ind2=" ">
    <subfield code="2">18875696</subfield>
  </datafield>
  <datafield tag="040" ind1=" " ind2=" ">
    <subfield code="c">UIN</subfield>
  </datafield>
  <datafield tag="050" ind1=" " ind2=" ">
    <subfield code="a">JF1355 N84</subfield>
  </datafield>
  <datafield tag="245" ind1="0" ind2="0">
    <subfield code="a">Nuevas tendencias en gesti&#xF3;n p&#xFA;blica</subfield>
    <subfield code="b">: bases conceptuales y aplicaciones pr&#xE1;cticas.</subfield>
  </datafield>
  <datafield tag="260" ind1="3" ind2=" ">
    <subfield code="a">Barcelona (Espa&#xF1;a)</subfield>
    <subfield code="b">: Profit</subfield>
    <subfield code="c">, 2011.</subfield>
  </datafield>
  <datafield tag="300" ind1=" " ind2=" ">
    <subfield code="a">253 p&#xE1;ginas.</subfield>
  </datafield>
  <datafield tag="362" ind1=" " ind2=" ">
    <subfield code="a">N&#xFA;mero 13, a&#xF1;o 2011</subfield>
  </datafield>
  <datafield tag="490" ind1="0" ind2=" ">
    <subfield code="a">Contabilidad y direcci&#xF3;n</subfield>
    <subfield code="v">13</subfield>
  </datafield>
  <datafield tag="500" ind1=" " ind2=" ">
    <subfield code="a">ISBN: 9788415330707</subfield>
  </datafield>
  <datafield tag="504" ind1=" " ind2=" ">
    <subfield code="a">Incluye bibliograf&#xED;a al final de cada cap&#xED;tulo.</subfield>
  </datafield>
  <datafield tag="505" ind1="0" ind2=" ">
    <subfield code="a">Primera parte: Notas t&#xE9;cnicas
Eficacia, eficiencia y gasto p&#xFA;blico &#xBF;c&#xF3;mo mejorar?, por: Diego Prior
La ley de econom&#xED;a sostenible: la sostenibilidad financiera del sector p&#xFA;blico, por: Mar&#xED;a Petra S&#xE1;iz
El an&#xE1;lisis de los estados financieros en el sector p&#xFA;blico: el caso de los ayuntamientos, por: Jordi Mabras
La gesti&#xF3;n de costes en el sector p&#xFA;blico, por. Pilar Soldevila y Carlos Vivas
Responsabilidad social de las administraciones p&#xFA;blicas, por: Josep Maria Canyelles
Aplicaci&#xF3;n de las nuevas tecnolog&#xED;as en la Administraci&#xF3;n P&#xFA;blica, por: Luis Pardo

Segunda parte: Art&#xED;culos doctrinales
De la New Public Management a la Post New Public Management, evoluci&#xF3;n de las reformas en la gesti&#xF3;n de las administraciones p&#xFA;blicas espa&#xF1;olas, por: Gemma P&#xE9;rez, David Ortiz, Jos&#xE9; Luis Zafra y Laura Alcaide
El impacto de la crisis econ&#xF3;mica sobre la condici&#xF3;n financiera y el endeudamiento en la administraci&#xF3;n local espa&#xF1;ola, por: JoseLuis Zafra,Ana Mar&#xED;a Plata, Manuel Pedro Rodr&#xED;guez y Antonio M. L&#xF3;pez
Contabilidad p&#xFA;blica vs. Contabilidad privada. La reforma de la contabilidad p&#xFA;blica frente a la empresarial, por: Iabel Brusca y Emilio Mart&#xED;n.

Tercera parte: Casos pr&#xE1;cticos
Ayuntamiento de Sant Cugat del Valles: un sistema de costes ABC y un nuevo modelo de formulaci&#xF3;n e implementaci&#xF3;n presupuestaria, por: Carlos Vivas
El control y la optimizaci&#xF3;n de los RRHH a trav&#xE9;s de indicadores de gesti&#xF3;n, por: Lucia Clara Banchieri,Fernando Campa y Emma Gorgori
An&#xE1;lisis del ECPN y el EFE en el sector p&#xFA;blico, por: Nuria Arimany y Carme Viladecans.</subfield>
  </datafield>
  <datafield tag="526" ind1=" " ind2=" ">
    <subfield code="a">Educaci&#xF3;n mixta /</subfield>
    <subfield code="b">Contabilidad /</subfield>
    <subfield code="c">Contabilidad gubernamental (P27) /</subfield>
    <subfield code="d">(04 006216)</subfield>
  </datafield>
  <datafield tag="650" ind1="1" ind2="4">
    <subfield code="a">ADMINISTRACI&#xD3;N P&#xDA;BLICA</subfield>
    <subfield code="9">27</subfield>
  </datafield>
  <datafield tag="942" ind1=" " ind2=" ">
    <subfield code="c">PP</subfield>
  </datafield>
  <datafield tag="952" ind1=" " ind2=" ">
    <subfield code="0">0</subfield>
    <subfield code="1">0</subfield>
    <subfield code="4">0</subfield>
    <subfield code="7">0</subfield>
    <subfield code="a">04</subfield>
    <subfield code="b">04</subfield>
    <subfield code="d">2016-05-09</subfield>
    <subfield code="l">0</subfield>
    <subfield code="o">JF1355 N84</subfield>
    <subfield code="p">04 006216</subfield>
    <subfield code="r">2016-05-09</subfield>
    <subfield code="t">1</subfield>
    <subfield code="w">2016-05-09</subfield>
    <subfield code="y">PP</subfield>
  </datafield>
  <datafield tag="999" ind1=" " ind2=" ">
    <subfield code="c">99611</subfield>
    <subfield code="d">99611</subfield>
  </datafield>
</record>
